Peníze a zlato

Enregistré dans:
Détails bibliographiques
Auteur principal: Revenda, Zbyněk
Format: Livre
Langue:tchèque
Publié: Praha Management Press 2013
Édition:2. aktual. vyd.
Sujets:
Tags: Ajouter un tag
Pas de tags, Soyez le premier à ajouter un tag!

MARC

LEADER 00000nam a2200000 4500
001 0182354
005 20240313090223.2
020 |a 978-80-7261-260-4 
041 0 |a cze 
044 |a CZ 
245 1 0 |a Peníze a zlato  |c Zbyněk Revenda 
250 |a 2. aktual. vyd. 
264 1 |a Praha  |b Management Press  |c 2013 
300 |a 269 s. 
610 2 0 |a peniaze 
610 2 0 |a zlato 
610 2 0 |a rast hospodársky 
610 2 0 |a banky 
610 2 0 |a politika menová 
610 2 0 |a cena zlata 
610 2 0 |a mince 
610 2 0 |a bankovky 
610 2 0 |a kovy drahé 
610 2 0 |a obeh peňažný 
610 2 0 |a dohľad bankový 
100 1 |a Revenda, Zbyněk